| 000 | 01439nam a2200373 a 4500 | ||
|---|---|---|---|
| 001 | ebr10427379 | ||
| 003 | CaPaEBR | ||
| 006 | m u | ||
| 007 | cr cn||||||||| | ||
| 008 | 101007s2010 enk sb 001 0 eng d | ||
| 010 | _z 2010283329 | ||
| 020 | _z9780567032287 (hbk.) | ||
| 020 | _z0567032280 (hbk.) | ||
| 020 | _z0567032299 (pbk.) | ||
| 020 | _z9780567032294 (pbk.) | ||
| 020 | _z9780567058324 (e-book) | ||
| 040 |
_aCaPaEBR _cCaPaEBR |
||
| 035 | _a(OCoLC)676697127 | ||
| 050 | 1 | 4 |
_aBV825.3 _b.M36 2010eb |
| 100 | 1 | _aMcMichael, Ralph N. | |
| 245 | 1 | 0 |
_aEucharist _h[electronic resource] : _ba guide for the perplexed / _cRalph N. McMichael. |
| 260 |
_aLondon ; _aNew York : _bContinuum/T & T Clark, _cc2010. |
||
| 300 | _avii, 164 p. | ||
| 490 | 1 | _aT&T Clark guides for the perplexed | |
| 504 | _aIncludes bibliographical references and index. | ||
| 533 |
_aElectronic reproduction. _bPalo Alto, Calif. : _cebrary, _d2013. _nAvailable via World Wide Web. _nAccess may be limited to ebrary affiliated libraries. |
||
| 650 | 0 |
_aLord's Supper _xHistory of doctrines. |
|
| 650 | 0 |
_aLord's Supper _xCatholic Church. |
|
| 650 | 0 | _aLord's Supper and Christian union. | |
| 655 | 7 |
_aElectronic books. _2local |
|
| 710 | 2 | _aebrary, Inc. | |
| 830 | 0 | _aGuides for the perplexed. | |
| 856 | 4 | 0 |
_uhttp://site.ebrary.com/lib/rucke/Doc?id=10427379 _zAn electronic book accessible through the World Wide Web; click to view |
| 999 |
_c144174 _d144174 |
||